[Event "Nizhnij Novgorod Region-ch"]
[Site "Nizhnij Novgorod"]
[Date "2013.10.19"]
[Round "8"]
[White "Golovanov, Vjacheslav"]
[Black "Obrezchikov, Mikhail"]
[Result "1-0"]
[WhiteElo "1843"]
[BlackElo "1975"]
[PlyCount "76"]
[EventDate "2013.10.19"]
[EventType "swiss"]
[EventRounds "9"]
[EventCountry "RUS"]
[SourceTitle "EXT 2022"]
[Source "ChessBase"]
[SourceDate "2021.10.06"]
[SourceVersion "1"]
[SourceVersionDate "2021.10.06"]
[SourceQuality "1"]

1. d4 g6 2. c4 Bg7 3. e3 d6 4. Nc3 Nd7 5. Nf3 e6 6. Bd3 Ne7 7. Qc2 a6 8. b4 0-0 9. 0-0 a5 10. b5 b6 11. Be4 Rb8 12. Rb1 Nf6 13. Bd3 Bb7 14. a4 Ng4 15. e4 e5 16. d5 Bc8 17. h3 Nh6 18. Nh2 f5 19. exf5 gxf5 20. f3 Ng6 21. Be3 Qf6 22. Kh1 Bd7 23. Qd2 Nf7 24. Ne2 Nh4 25. g3 Ng6 26. h4 Nxh4 27. gxh4 Qxh4 28. Bf2 Qh3 29. Rg1 Kh8 30. Rg3 Qh5 31. Rbg1 Bh6 32. f4 e4 33. Bd4+ Ne5 34. Qb2 Bxf4 35. Nxf4 Qf7 36. Bxe5+ dxe5 37. Qxe5+ Qf6 38. Qxf6+ Rxf6 1-0

[Event "Pavlovo"]
[Site "Pavlovo"]
[Date "2013.02.27"]
[Round "7"]
[White "Kosenkov, Evgeniy"]
[Black "Obrezchikov, Mikhail"]
[Result "1/2-1/2"]
[WhiteElo "2015"]
[BlackElo "1958"]
[PlyCount "26"]
[EventDate "2013.02.21"]
[EventType "tourn"]
[EventRounds "7"]
[EventCountry "RUS"]
[SourceTitle "EXT 2014"]
[Source "ChessBase"]
[SourceDate "2013.11.20"]
[SourceVersion "1"]
[SourceVersionDate "2013.11.20"]
[SourceQuality "1"]

1. e4 e6 2. d4 d5 3. exd5 exd5 4. Bd3 Bd6 5. Nf3 Ne7 6. 0-0 0-0 7. c3 c6 8. Re1 Bf5 9. Bxf5 Nxf5 10. Bg5 Qc7 11. Qd3 g6 12. Re2 Nd7 13. h3 Rfe8 1/2-1/2

[Event "Pavlovo"]
[Site "Pavlovo"]
[Date "2013.02.24"]
[Round "4"]
[White "Obrezchikov, Mikhail"]
[Black "Svitov, Nikolay"]
[Result "1-0"]
[WhiteElo "1958"]
[BlackElo "1793"]
[PlyCount "121"]
[EventDate "2013.02.21"]
[EventType "tourn"]
[EventRounds "7"]
[EventCountry "RUS"]
[SourceTitle "EXT 2014"]
[Source "ChessBase"]
[SourceDate "2013.11.20"]
[SourceVersion "1"]
[SourceVersionDate "2013.11.20"]
[SourceQuality "1"]

1. Nf3 d5 2. d3 Nf6 3. Nbd2 e6 4. g3 Bd6 5. e4 dxe4 6. dxe4 e5 7. Bg2 0-0 8. 0-0 Bg4 9. h3 Bh5 10. g4 Bg6 11. Qe2 Nc6 12. c3 Re8 13. Nc4 Bxe4 14. Nh4 Bxg2 15. Kxg2 Nd5 16. Nf5 Nf4+ 17. Bxf4 exf4 18. Qc2 Ne5 19. Ncxd6 cxd6 20. Rad1 f3+ 21. Kh1 g6 22. Ne3 Qh4 23. Kh2 h5 24. Rd4 Nc6 25. Rf4 Ne5 26. Rd4 hxg4 27. Nxg4 Nxg4+ 28. Rxg4 Qf6 29. Qd3 Re5 30. Rg3 Rf5 31. Re1 Kg7 32. Re3 Rh8 33. Rgxf3 Rxf3 34. Rxf3 Qe5+ 35. Kg2 f6 36. Re3 Qg5+ 37. Rg3 Qh5 38. Qxd6 Rf8 39. Qd4 b6 40. h4 Rf7 41. Qe4 Rd7 42. b4 Kf7 43. c4 f5 44. Qc6 Re7 45. Qd5+ Kg7 46. Qd6 Kf7 47. c5 bxc5 48. bxc5 Re6 49. Qd7+ Re7 50. Qd5+ Re6 51. c6 f4 52. Qxh5 gxh5 53. Rc3 Re8 54. Kf3 Ke6 55. c7 Kd7 56. c8Q+ Rxc8 57. Rxc8 Kxc8 58. Kxf4 a5 59. Kg5 Kc7 60. f4 Kd6 61. Kxh5 1-0

[Event "Pavlovo"]
[Site "Pavlovo"]
[Date "2013.02.22"]
[Round "2"]
[White "Martemyanov, Vyacheslav"]
[Black "Obrezchikov, Mikhail"]
[Result "0-1"]
[WhiteElo "1972"]
[BlackElo "1958"]
[PlyCount "62"]
[EventDate "2013.02.21"]
[EventType "tourn"]
[EventRounds "7"]
[EventCountry "RUS"]
[SourceTitle "EXT 2014"]
[Source "ChessBase"]
[SourceDate "2013.11.20"]
[SourceVersion "1"]
[SourceVersionDate "2013.11.20"]
[SourceQuality "1"]

1. e4 g6 2. d4 e6 3. Nf3 Bg7 4. Bd3 d6 5. 0-0 Ne7 6. c3 0-0 7. Bg5 Nd7 8. Qd2 f6 9. Bh6 Rf7 10. Bxg7 Kxg7 11. Qc2 e5 12. Nbd2 Nf8 13. Bc4 Be6 14. Qb3 Qc8 15. Rad1 Bxc4 16. Nxc4 Ne6 17. Rd2 Nf4 18. Rfd1 Nxg2 19. Kxg2 Qg4+ 20. Kf1 Qxf3 21. Qxb7 Raf8 22. Rd3 Qh1+ 23. Ke2 Qxh2 24. Rf3 exd4 25. Rxd4 d5 26. exd5 Nf5 27. Re4 Qh1 28. Re6 Qh5 29. Qxa7 Nh4 30. Qe3 Qxd5 31. Rf4 Ng2 0-1

[Event "Nizhnij Novgorod Region-ch"]
[Site "Nizhnij Novgorod"]
[Date "2012.10.13"]
[Round "?"]
[White "Obrezchikov, Mikhail"]
[Black "Bodyagin, Anton"]
[Result "1-0"]
[WhiteElo "1937"]
[BlackElo "1898"]
[PlyCount "53"]
[EventDate "2012.10.06"]
[EventType "swiss"]
[EventRounds "9"]
[EventCountry "RUS"]
[SourceTitle "EXT 2022"]
[Source "ChessBase"]
[SourceDate "2021.10.06"]
[SourceVersion "1"]
[SourceVersionDate "2021.10.06"]
[SourceQuality "1"]

1. d4 Nf6 2. c4 e6 3. Nc3 d5 4. Nf3 Nbd7 5. Bg5 Bb4 6. cxd5 exd5 7. a3 Bxc3+ 8. bxc3 c5 9. Bxf6 Nxf6 10. e3 Qa5 11. dxc5 Qxc3+ 12. Nd2 Qxc5 13. Be2 0-0 14. 0-0 Bf5 15. Nf3 Rac8 16. Nd4 Be4 17. h3 h6 18. Qa4 a6 19. Qb3 b5 20. Rfc1 Qd6 21. Qb4 Qd7 22. Qa5 Rxc1+ 23. Rxc1 Rc8 24. Rc3 Bg6 25. f3 Qe8 26. Rxc8 Qxc8 27. Kf2 1-0

[Event "Nizhnij Novgorod Region-ch"]
[Site "Nizhnij Novgorod"]
[Date "2012.10.06"]
[Round "?"]
[White "Obrezchikov, Mikhail"]
[Black "Khanov, Igor"]
[Result "1/2-1/2"]
[WhiteElo "1937"]
[BlackElo "1670"]
[PlyCount "80"]
[EventDate "2012.10.06"]
[EventType "swiss"]
[EventRounds "9"]
[EventCountry "RUS"]
[SourceTitle "EXT 2022"]
[Source "ChessBase"]
[SourceDate "2021.10.06"]
[SourceVersion "1"]
[SourceVersionDate "2021.10.06"]
[SourceQuality "1"]

1. d4 Nf6 2. c4 e6 3. Nf3 Bb4+ 4. Nc3 Bxc3+ 5. bxc3 d6 6. Qc2 Qe7 7. Bf4 Nbd7 8. e3 b6 9. Be2 Bb7 10. 0-0 0-0 11. h3 Rfe8 12. Bh2 e5 13. d5 Nc5 14. Nh4 Qd7 15. a4 a5 16. Nf5 Bc8 17. Ng3 Qe7 18. Nh5 Nxh5 19. Bxh5 Qg5 20. Qe2 g6 21. Bg4 f5 22. f4 Qe7 23. fxe5 dxe5 24. Bf3 e4 25. Bh5 gxh5 26. Qxh5 Qf7 27. Qxf7+ Kxf7 28. Bxc7 Ra6 29. Rfb1 Nd7 30. Rb5 Ne5 31. c5 bxc5 32. Rxc5 Nd3 33. Rxa5 Rxa5 34. Bxa5 Bd7 35. Bb6 Rc8 36. Bd4 Nc5 37. a5 Nb3 38. Ra3 Nxd4 39. cxd4 Rc7 40. Kf2 Ke7 1/2-1/2

[Event "Anapa op"]
[Site "Anapa"]
[Date "2012.09.06"]
[Round "7"]
[White "Obrezchikov, Mikhail"]
[Black "Sarian, Ashot"]
[Result "1-0"]
[WhiteElo "1972"]
[BlackElo "1714"]
[PlyCount "98"]
[EventDate "2012.08.30"]
[EventType "swiss"]
[EventRounds "9"]
[EventCountry "RUS"]
[SourceTitle "CBM 150 Extra"]
[Source "ChessBase"]
[SourceDate "2012.10.19"]
[SourceVersion "1"]
[SourceVersionDate "2012.10.19"]
[SourceQuality "1"]

1. d4 e6 2. c4 f5 3. Nf3 Nf6 4. g3 d6 5. Bg2 Be7 6. 0-0 0-0 7. Nc3 Qe8 8. Qc2 Qg6 9. Ne1 Nbd7 10. e4 fxe4 11. Nxe4 e5 12. dxe5 Nxe5 13. Nxf6+ Qxf6 14. f4 Nc6 15. Be3 Bf5 16. Qd2 Qg6 17. Rc1 Rad8 18. b4 Be4 19. b5 Bxg2 20. Qxg2 Qe6 21. Bf2 Na5 22. Nf3 Bf6 23. Rfe1 Qf7 24. Nd2 Rfe8 25. Qd5 Rxe1+ 26. Rxe1 Bc3 27. Qd3 Bxd2 28. Qxd2 Nxc4 29. Qd4 Nb6 30. Qe4 Qd5 31. Qe7 Rc8 32. h4 Qf7 33. Bd4 Nd5 34. Qg5 h6 35. Qg4 Rf8 36. f5 Nf6 37. Qf3 Qd5 38. Qxd5+ Nxd5 39. g4 Kf7 40. Kf2 Ne7 41. Bxg7 Rg8 42. f6 Nd5 43. g5 hxg5 44. hxg5 Kg6 45. Kf3 Kf7 46. Kg4 Kg6 47. Re2 Rd8 48. a4 Rc8 49. Kf3 Kf5 1-0

[Event "Pavlovo Good Year"]
[Site "Pavlovo"]
[Date "2012.08.??"]
[Round "5"]
[White "Obrezchikov, Mikhail"]
[Black "Rostokin, Dmitry"]
[Result "0-1"]
[WhiteElo "1938"]
[BlackElo "1996"]
[PlyCount "102"]
[EventDate "2012.08.18"]
[EventType "tourn"]
[EventRounds "14"]
[EventCountry "RUS"]
[SourceTitle "EXT 2023"]
[Source "ChessBase"]
[SourceDate "2022.10.05"]
[SourceVersion "1"]
[SourceVersionDate "2022.10.05"]
[SourceQuality "1"]

1. d4 Nf6 2. Nf3 g6 3. g3 Bg7 4. Bg2 d5 5. 0-0 Ne4 6. Ng5 Nxg5 7. Bxg5 h6 8. Bf4 g5 9. Bc1 Nc6 10. c3 e6 11. e4 Ne7 12. f4 gxf4 13. Bxf4 Ng6 14. exd5 Nxf4 15. Rxf4 exd5 16. Nd2 Be6 17. c4 c6 18. cxd5 cxd5 19. Qa4+ Qd7 20. Qa3 Qe7 21. Qe3 h5 22. Re1 0-0-0 23. Nb3 b6 24. Qd3 Qb4 25. Rxe6 fxe6 26. Rf7 Rdf8 27. Rxg7 Qe1+ 28. Bf1 Qf2+ 29. Kh1 Qxf1+ 30. Qxf1 Rxf1+ 31. Kg2 Rb1 32. Rxa7 Rxb2+ 33. Kh3 Kb8 34. Re7 Rh6 35. Re8+ Kc7 36. Re7+ Kc6 37. Ra7 Kb5 38. Nc1 Kc4 39. Ra4+ Kc3 40. Nb3 b5 41. Ra5 b4 42. Rc5+ Kd3 43. Rb5 Rxb3 44. axb3 Kxd4 45. Rxb4+ Kc3 46. Rb6 d4 47. Kh4 Rf6 48. Kxh5 d3 49. Rd6 Rf5+ 50. Kg4 Rd5 51. Rc6+ Kb2 0-1

[Event "Pavlovo Rating"]
[Site "Pavlovo"]
[Date "2012.03.??"]
[Round "7"]
[White "Obrezchikov, Mikhail"]
[Black "Danov, Alexander"]
[Result "0-1"]
[WhiteElo "1929"]
[BlackElo "2248"]
[PlyCount "76"]
[EventDate "2012.03.31"]
[EventType "tourn"]
[EventRounds "9"]
[EventCountry "RUS"]
[SourceTitle "EXT 2013"]
[Source "ChessBase"]
[SourceDate "2012.11.22"]
[SourceVersion "1"]
[SourceVersionDate "2012.11.22"]
[SourceQuality "1"]

1. d4 d5 2. Nf3 c6 3. c4 e6 4. e3 Nd7 5. Bd3 f5 6. 0-0 Bd6 7. cxd5 cxd5 8. Nc3 Ngf6 9. Bd2 a6 10. a4 b6 11. Rc1 0-0 12. Qc2 Bb7 13. Qb3 Qe7 14. Na2 a5 15. Nc3 Rac8 16. Nb5 Bb8 17. Rxc8 Bxc8 18. Rc1 Ne4 19. Be1 Bb7 20. Qa3 Qd8 21. Bxe4 fxe4 22. Nd2 Nf6 23. f4 exf3 24. Nxf3 Ne4 25. Qd3 Qf6 26. Qe2 h6 27. Nc3 Ng5 28. Nd2 e5 29. Nb5 exd4 30. exd4 Ne6 31. Qg4 Bf4 32. Bh4 g5 33. Re1 Bc8 34. Nf3 Ng7 35. Qxf4 Qxf4 36. Bg3 Qf7 37. Bd6 g4 38. Rf1 gxf3 0-1

[Event "Nizhnij Novgorod Dubinin Memorial 19th"]
[Site "Nizhnij Novgorod"]
[Date "2012.01.??"]
[Round "8"]
[White "Denisov, Albert"]
[Black "Obrezchikov, Mikhail"]
[Result "0-1"]
[WhiteElo "1707"]
[BlackElo "1972"]
[PlyCount "40"]
[EventDate "2012.01.??"]
[EventType "swiss"]
[EventRounds "9"]
[EventCountry "RUS"]
[SourceTitle "EXT 2015"]
[Source "ChessBase"]
[SourceDate "2014.11.20"]
[SourceVersion "1"]
[SourceVersionDate "2014.11.20"]
[SourceQuality "1"]

1. Nf3 Nf6 2. g3 b6 3. Bg2 Bb7 4. 0-0 e6 5. d3 d5 6. d4 Nbd7 7. Bf4 Be7 8. h3 0-0 9. g4 c5 10. c3 Rc8 11. Ne5 Ne4 12. f3 Nd6 13. Nxd7 Qxd7 14. Bxd6 Bxd6 15. f4 h6 16. Nd2 f5 17. gxf5 Rxf5 18. e3 Ba6 19. Re1 Be7 20. Qg4 Rcf8 0-1

[Event "Pavlovo"]
[Site "Pavlovo"]
[Date "2011.03.24"]
[Round "8"]
[White "Obrezchikov, Mikhail"]
[Black "Zanozin, Anatoly"]
[Result "1/2-1/2"]
[WhiteElo "1990"]
[BlackElo "2089"]
[PlyCount "105"]
[EventDate "2011.03.17"]
[EventType "tourn"]
[EventRounds "11"]
[EventCountry "RUS"]
[SourceTitle "EXT 2013"]
[Source "ChessBase"]
[SourceDate "2012.11.22"]
[SourceVersion "1"]
[SourceVersionDate "2012.11.22"]
[SourceQuality "1"]

1. d4 d5 2. c4 e6 3. Nf3 Nf6 4. a3 Nbd7 5. Nc3 c6 6. e3 Bd6 7. Bd3 0-0 8. 0-0 Qe7 9. e4 dxe4 10. Nxe4 Nxe4 11. Bxe4 h6 12. Bd2 Nf6 13. Bc2 Rd8 14. Qe2 c5 15. dxc5 Bxc5 16. b4 Bb6 17. Bc3 Bd7 18. Ne5 Be8 19. Rfe1 a6 20. h3 Bd4 21. Qf3 Rac8 22. Bxd4 Rxd4 23. Rad1 Rcd8 24. Qe3 Rxd1 25. Rxd1 Rxd1+ 26. Bxd1 Qd6 27. Bf3 b6 28. Bb7 a5 29. b5 Nd7 30. Nf3 Nc5 31. Ba8 Qd8 32. Be4 Qd1+ 33. Kh2 Qd6+ 34. g3 Bd7 35. Bc2 Bc8 36. Ne5 Bb7 37. f4 Ba8 38. Nf3 Bxf3 39. Qxf3 Qd2+ 40. Qg2 Qxg2+ 41. Kxg2 Kf8 42. Kf3 Ke7 43. Ke3 Kd6 44. Kd4 f6 45. Kc3 Nd7 46. Be4 e5 47. f5 Nc5 48. Bc2 Nb7 49. Be4 Nc5 50. Bc2 Ke7 51. Bb1 Nb7 52. Bc2 Kd6 53. Be4 1/2-1/2

[Event "Moscow op-E"]
[Site "Moscow"]
[Date "2011.02.05"]
[Round "8.210"]
[White "Obrezchikov, Mikhail"]
[Black "Sogoyan, Andranik Sacha"]
[Result "0-1"]
[WhiteElo "1979"]
[BlackElo "2048"]
[PlyCount "82"]
[EventDate "2011.01.29"]
[EventType "swiss"]
[EventRounds "9"]
[EventCountry "RUS"]
[SourceTitle "EXT 2022"]
[Source "ChessBase"]
[SourceDate "2021.10.06"]
[SourceVersion "1"]
[SourceVersionDate "2021.10.06"]
[SourceQuality "1"]

1. d4 d5 2. Nf3 Nf6 3. g3 Bf5 4. Bg2 e6 5. Nbd2 Nbd7 6. Nh4 Bg6 7. Nxg6 hxg6 8. e4 c6 9. Qe2 Qb6 10. e5 Ng8 11. c3 Nh6 12. h4 Be7 13. Nf3 c5 14. dxc5 Bxc5 15. 0-0 Nf5 16. Bf4 f6 17. b4 Be7 18. exf6 gxf6 19. Rfe1 Kf7 20. g4 Nxh4 21. Nxh4 Rxh4 22. Bg3 Rh7 23. Bxd5 Nf8 24. Bf3 Bd6 25. Bxd6 Qxd6 26. Rad1 Qh2+ 27. Kf1 Qh3+ 28. Bg2 Qxc3 29. Rc1 Qd4 30. a3 Qb6 31. Rc3 Rd8 32. Rec1 Kg8 33. Qf3 e5 34. Rc8 Rd2 35. Qb3+ Rf7 36. R8c5 Kg7 37. Bd5 Rd7 38. Qf3 Ne6 39. Qh3 Rd1+ 40. Ke2 Nf4+ 41. Kxd1 Nxh3 0-1

[Event "Moscow op-E"]
[Site "Moscow"]
[Date "2011.02.01"]
[Round "4.240"]
[White "Obrezchikov, Mikhail"]
[Black "Mamedov, Renat"]
[Result "1-0"]
[WhiteElo "1979"]
[BlackElo "1774"]
[PlyCount "66"]
[EventDate "2011.01.29"]
[EventType "swiss"]
[EventRounds "9"]
[EventCountry "RUS"]
[SourceTitle "EXT 2022"]
[Source "ChessBase"]
[SourceDate "2021.10.06"]
[SourceVersion "1"]
[SourceVersionDate "2021.10.06"]
[SourceQuality "1"]

1. d4 d5 2. Nf3 Nf6 3. g3 b6 4. Bg2 Bb7 5. 0-0 Nbd7 6. Nbd2 e6 7. c4 Bd6 8. a3 c5 9. cxd5 exd5 10. b3 0-0 11. Bb2 Re8 12. Re1 a5 13. Nh4 a4 14. Nf5 Bf8 15. bxa4 Bc6 16. dxc5 bxc5 17. Nf3 Bxa4 18. Qd2 Nb6 19. Qg5 g6 20. Bxf6 h6 21. Nxh6+ Bxh6 22. Bxd8 Bxg5 23. Bxg5 Bd7 24. Nd2 Be6 25. e3 Na4 26. Bf6 Ra6 27. Bf1 c4 28. Bd4 Kh7 29. e4 dxe4 30. Nxe4 Rd8 31. Ng5+ Kg8 32. Nxe6 fxe6 33. Bxc4 Rc6 1-0

[Event "Moscow op-E"]
[Site "Moscow"]
[Date "2011.01.29"]
[Round "1.86"]
[White "Pushin, Vladimir"]
[Black "Obrezchikov, Mikhail"]
[Result "1-0"]
[WhiteElo "2395"]
[BlackElo "1979"]
[PlyCount "63"]
[EventDate "2011.01.29"]
[EventType "swiss"]
[EventRounds "9"]
[EventCountry "RUS"]
[SourceTitle "EXT 2022"]
[Source "ChessBase"]
[SourceDate "2021.10.06"]
[SourceVersion "1"]
[SourceVersionDate "2021.10.06"]
[SourceQuality "1"]

1. c4 Nf6 2. Nc3 e6 3. d4 Bb4 4. e3 0-0 5. Bd3 d5 6. a3 Bxc3+ 7. bxc3 c5 8. Ne2 Qc7 9. cxd5 c4 10. Bc2 exd5 11. 0-0 Bg4 12. f3 Bh5 13. Nf4 Re8 14. e4 dxe4 15. Nxh5 Nxh5 16. fxe4 g6 17. Rb1 Nc6 18. Rb5 b6 19. Rxh5 gxh5 20. Qxh5 Re6 21. e5 Rg6 22. Bxg6 hxg6 23. Qh4 Ne7 24. Bg5 Nd5 25. Rf3 f5 26. exf6 Rf8 27. Rh3 Kf7 28. Qh7+ Ke6 29. Qxg6 Rf7 30. Qe4+ Kd6 31. Qe5+ Kc6 32. Qe6+ 1-0